[Event "Championnat de France - Open A"]
[Site "Pau"]
[Date "2008.08.16"]
[Round "5.22"]
[White "David, Frederic"]
[Black "Leitner, Walter"]
[Result "1-0"]
[WhiteElo "2054"]
[BlackElo "2126"]
[PlyCount "115"]

1. d4 d5 2. Nf3 Nf6 3. Bf4 c6 4. e3 Bg4 5. Be2 e6 6. O-O Be7 7. h3 Bh5 8. Nbd2
Nbd7 9. c4 O-O 10. Rc1 dxc4 11. Nxc4 Nb6 12. Nce5 Nfd5 13. Bh2 f6 14. Nd3 Bd6
15. Nc5 Bxh2+ 16. Nxh2 Bxe2 17. Qxe2 Qe7 18. Nf3 Rab8 19. Qd2 Rfd8 20. e4 Nc7
21. Qa5 Nc8 22. Qa4 Nb5 23. Qc4 Kf7 24. a4 Nb6 25. Qd3 Nc7 26. Rfd1 Nd7 27.
Nxd7 Rxd7 28. Qb3 h6 29. g3 Qd6 30. Kg2 Na6 31. Qc2 Nb4 32. Qb3 a5 33. Rc5 b6
34. Rcc1 Rbd8 35. e5 Qd5 36. Qxd5 Rxd5 37. exf6 gxf6 38. Rf1 R8d6 39. Rc3 Ke7
40. Re1 Kd7 41. Re4 c5 42. dxc5 Rxc5 43. Rh4 Rxc3 44. bxc3 Na2 45. Rxh6 Nxc3
46. Rxf6 Nxa4 47. Ne5+ Ke8 48. h4 Nc3 49. h5 Ne4 50. Rg6 Ke7 51. h6 Nf6 52.
Rg7+ Ke8 53. h7 Nxh7 54. Rxh7 b5 55. Ra7 a4 56. Kf3 Rd4 57. Ke3 Rb4 58. Ra8+
1-0

[Event "Championnat de France - Open A"]
[Site "Pau"]
[Date "2008.08.16"]
[Round "5.23"]
[White "Ferry, Roger"]
[Black "Lagunes, Jean-Renaud"]
[Result "1-0"]
[WhiteElo "2120"]
[BlackElo "2047"]
[PlyCount "71"]

1. d4 d6 2. Nf3 Nf6 3. Bf4 g6 4. e3 Bg7 5. Bc4 O-O 6. c3 c6 7. a4 b6 8. Nbd2
Bb7 9. Qe2 a6 10. O-O Nbd7 11. h3 b5 12. Bd3 Qc7 13. Bh2 e5 14. dxe5 dxe5 15.
Bc2 Qd6 16. Rfd1 Qe7 17. Nb3 Rac8 18. Rd2 Rc7 19. Rad1 Bc8 20. Na5 h6 21. Rd6
Nd5 22. Rxc6 Rxc6 23. Nxc6 Qc5 24. axb5 axb5 25. Rxd5 Qxc6 26. Qxb5 Qa8 27. Qa5
Qb7 28. b3 f6 29. Rd1 Kh7 30. Nd2 f5 31. Nc4 f4 32. Rd6 Bf6 33. exf4 exf4 34.
Bxf4 Re8 35. Bg3 Qb8 36. Qh5 1-0

[Event "Championnat de France - Open A"]
[Site "Pau"]
[Date "2008.08.16"]
[Round "5.24"]
[White "Velten, Paul"]
[Black "Ane, Cedric"]
[Result "1-0"]
[WhiteElo "2112"]
[BlackElo "2033"]
[PlyCount "91"]

1. d4 Nf6 2. Nf3 g6 3. Bg5 Bg7 4. Nbd2 d6 5. e4 O-O 6. c3 Qe8 7. Bc4 e5 8. dxe5
dxe5 9. O-O Nbd7 10. Qe2 h6 11. Bh4 g5 12. Bg3 Nh5 13. Rfe1 Nf4 14. Bxf4 exf4
15. e5 Nc5 16. b4 Na4 17. Ne4 Nb6 18. Bd3 Nd7 19. Nc5 Nxc5 20. bxc5 Qe7 21. Nd4
Rd8 22. c6 Rd5 23. Qf3 Rxe5 24. Rxe5 Qxe5 25. cxb7 Bxb7 26. Qxb7 Re8 27. Bc4
Qc5 28. Qb3 Re7 29. Rd1 Rd7 30. Qb8+ Bf8 31. Qb5 Qxb5 32. Bxb5 Rd5 33. Bc4 Rc5
34. Bb3 Bg7 35. c4 a5 36. Ne2 a4 37. Bxa4 Rxc4 38. Bb3 Re4 39. Kf1 g4 40. Rd8+
Bf8 41. Rd7 f3 42. gxf3 gxf3 43. Ng1 Rf4 44. Bd5 Bd6 45. Nxf3 Rf5 46. Be4 1-0

[Event "Championnat de France - Open A"]
[Site "Pau"]
[Date "2008.08.16"]
[Round "5.25"]
[White "Couche, Jean-Francois"]
[Black "Fernandez, Laura"]
[Result "0-1"]
[WhiteElo "2105"]
[BlackElo "2003"]
[PlyCount "82"]

1. Nf3 Nf6 2. c4 d5 3. g3 e6 4. Bg2 Be7 5. O-O O-O 6. d4 dxc4 7. Qc2 a6 8. Qxc4
b5 9. Qc2 Bb7 10. Bd2 Nbd7 11. Ba5 Rc8 12. Nbd2 Qe8 13. b4 Bd6 14. Rac1 Ba8 15.
Qb1 h6 16. Rfd1 e5 17. e3 Qe6 18. dxe5 Bxe5 19. Nxe5 Nxe5 20. Bxa8 Rxa8 21.
Bxc7 Neg4 22. Qb3 Qf5 23. f3 Ne5 24. e4 Qh5 25. Rc5 Nfd7 26. Rd5 Rac8 27. Bd6
Rfe8 28. Rf1 Nf6 29. Rc5 Rcd8 30. g4 Qg5 31. Bxe5 Rxe5 32. Rxe5 Qxe5 33. Qe3
Qb2 34. Rf2 Qxb4 35. Kg2 Re8 36. Qa7 Qd6 37. Nf1 h5 38. h3 h4 39. Rd2 Qe6 40.
Qf2 g5 41. Qe3 Nxe4 0-1

[Event "Championnat de France - Open A"]
[Site "Pau"]
[Date "2008.08.16"]
[Round "5.26"]
[White "Schweitzer, Adrien"]
[Black "Gozzoli, Cyrille"]
[Result "0-1"]
[WhiteElo "2041"]
[BlackElo "2104"]
[PlyCount "82"]

1. d4 Nf6 2. c4 c6 3. Nf3 d5 4. g3 Bf5 5. Nc3 e6 6. Bg2 Nbd7 7. O-O Bd6 8. b3
h6 9. Bb2 O-O 10. Re1 Re8 11. Qd2 Ne4 12. Nxe4 Bxe4 13. Rad1 Qe7 14. Ne5 Nxe5
15. dxe5 Bb4 16. Bc3 Bxc3 17. Qxc3 Bxg2 18. Kxg2 Qc5 19. Rd4 a5 20. f4 b5 21.
Qd3 dxc4 22. bxc4 b4 23. Rb1 Reb8 24. Qe4 Rd8 25. Rbd1 Rxd4 26. Rxd4 a4 27. Qd3
b3 28. axb3 axb3 29. Rd8+ Rxd8 30. Qxd8+ Qf8 31. Qb6 Qa3 32. Qd8+ Kh7 33. Qd3+
g6 34. Qd7 Kg7 35. Qd8 Qa7 36. Qd2 Qb7 37. Qb2 c5+ 38. Kh3 Qb4 39. e4 Qxc4 40.
Qa3 Qb4 41. Qa8 b2 0-1

[Event "Championnat de France - Open A"]
[Site "Pau"]
[Date "2008.08.16"]
[Round "5.27"]
[White "Ruffenach, Alain"]
[Black "Loiseau, Quentin"]
[Result "1-0"]
[WhiteElo "2100"]
[BlackElo "2028"]
[PlyCount "77"]

1. d4 Nf6 2. Nf3 g6 3. c4 Bg7 4. Nc3 O-O 5. e4 d6 6. h3 e5 7. d5 Qe8 8. Be3 Na6
9. Bd3 Nb4 10. c5 Nxd3+ 11. Qxd3 Bd7 12. O-O Nh5 13. cxd6 cxd6 14. g4 Nf4 15.
Bxf4 exf4 16. Rfe1 h5 17. Nh2 Be5 18. gxh5 gxh5 19. Kh1 Kh7 20. Rg1 Rg8 21. Qf3
Kh6 22. Ne2 Qe7 23. Rxg8 Rxg8 24. Rg1 Rxg1+ 25. Nxg1 f5 26. Qe2 fxe4 27. Qxe4
Qf7 28. Nhf3 Bf5 29. Qc4 b5 30. Nxe5 dxe5 31. Qc6+ Kh7 32. d6 e4 33. Qc7 Qxc7
34. dxc7 f3 35. h4 Kg6 36. Kh2 Bc8 37. Nh3 Kf5 38. Kg3 Be6 39. Nf4 1-0

[Event "Championnat de France - Open A"]
[Site "Pau"]
[Date "2008.08.16"]
[Round "5.28"]
[White "Koch, Alain"]
[Black "Allorant, Adrien"]
[Result "1/2-1/2"]
[WhiteElo "2090"]
[BlackElo "2011"]
[PlyCount "250"]

1. e4 c5 2. Nf3 Nc6 3. d4 cxd4 4. Nxd4 g6 5. Nxc6 bxc6 6. Bc4 Nf6 7. Qe2 Bg7 8.
c3 O-O 9. O-O Nxe4 10. Qxe4 d5 11. Qf3 dxc4 12. Qxc6 Be6 13. Qf3 Qb6 14. Na3
Rfd8 15. Qe2 Rac8 16. Be3 Qa5 17. Nc2 Bf5 18. Nb4 Qc7 19. Rfd1 a5 20. Nd5 Qb7
21. Nb6 Bd3 22. Nxc8 Rxc8 23. Qd2 a4 24. Qc1 Rb8 25. Rd2 Qe4 26. Qe1 a3 27. f3
Qa8 28. Qc1 Qa5 29. b4 cxb3 30. axb3 Qxc3 31. Qxc3 Bxc3 32. Rxa3 Bb4 33. Ra7
Bxd2 34. Bxd2 Rxb3 35. Bh6 f5 36. Rxe7 Rb1+ 37. Kf2 Rb2+ 38. Ke1 Rb8 39. Rg7+
Kh8 40. Rc7 Ba6 41. Kf2 Kg8 42. Rg7+ Kh8 43. Ra7 Bc4 44. Bg7+ Kg8 45. Be5 Re8
46. f4 Bf7 47. h4 Rc8 48. Ke3 Rd8 49. Bf6 Re8+ 50. Be5 Rd8 51. g3 Re8 52. Rd7
Kf8 53. Kd4 Kg8 54. Kc5 Rc8+ 55. Kd6 Re8 56. Kc7 Ra8 57. Kb7 Re8 58. Kc6 Ra8
59. Kd6 Ra6+ 60. Kc5 Ra5+ 61. Kb6 Ra8 62. Rc7 Re8 63. Kc6 Re6+ 64. Kd7 Re8 65.
Ra7 Kf8 66. Bf6 Kg8 67. Rc7 Kf8 68. Ra7 Kg8 69. Be5 Kf8 70. Kc6 Re6+ 71. Kc5
Kg8 72. Kd4 Kf8 73. Kd3 Kg8 74. Ke3 Kf8 75. Kf3 h5 76. Rc7 Ra6 77. Ke3 Ra4 78.
Bf6 Rc4 79. Ra7 Rc6 80. Be5 Re6 81. Rc7 Ra6 82. Bc3 Re6+ 83. Kd3 Re4 84. Bd4
Be6 85. Bf6 Bf7 86. Ra7 Bc4+ 87. Kc3 Bf7 88. Bd4 Be6 89. Bc5+ Kg8 90. Ra8+ Kf7
91. Bd4 Ke7 92. Bc5+ Kf7 93. Ra7+ Kg8 94. Bd4 Bf7 95. Be5 Rc4+ 96. Kd3 Rc8 97.
Bf6 Re8 98. Ra4 Kf8 99. Be5 Rd8+ 100. Kc3 Kg8 101. Ra7 Rc8+ 102. Kb4 Kf8 103.
Bc7 Re8 104. Kc5 Re6 105. Bd6+ Kg7 106. Ra8 Re8 107. Be5+ Kf8 108. Ra7 Re6 109.
Ra3 Kg8 110. Bd6 Kg7 111. Kc6 Kg8 112. Kd7 Re8 113. Be5 Kf8 114. Bf6 Kg8 115.
Be7 Kh7 116. Ra7 Kg7 117. Kd6 Rb8 118. Kc5 Rb1 119. Kc6 Rb8 120. Bd6 Re8 121.
Kd7 Kg8 122. Bc5 Kh7 123. Ra5 Kg8 124. Be7 Kh7 125. Re5 Kg8 1/2-1/2

[Event "Championnat de France - Open A"]
[Site "Pau"]
[Date "2008.08.16"]
[Round "5.29"]
[White "Kharmoudi, Slimane"]
[Black "Bruneau, Francois"]
[Result "1-0"]
[WhiteElo "2087"]
[BlackElo "2002"]
[PlyCount "67"]

1. e4 d6 2. d4 Nf6 3. Nc3 g6 4. f3 c6 5. Be3 Qb6 6. Qc1 Bg7 7. Bc4 d5 8. exd5
Qb4 9. Bb3 Nxd5 10. a3 Qa5 11. Bd2 Nxc3 12. Bxc3 Qh5 13. Ne2 O-O 14. Qe3 Bf6
15. O-O-O a5 16. h4 Qb5 17. a4 Qa6 18. h5 g5 19. h6 Bf5 20. Ng3 Bg6 21. Ne4
Bxe4 22. fxe4 e6 23. Rh5 Kh8 24. Rxg5 Nd7 25. d5 e5 26. Rf5 cxd5 27. Rxd5 Rad8
28. Bxa5 Qc6 29. Bxd8 Bxd8 30. Qd2 Nc5 31. Rxd8 Nxb3+ 32. Kd1 Qc5 33. Rxf8+
Qxf8 34. cxb3 1-0

[Event "Championnat de France - Open A"]
[Site "Pau"]
[Date "2008.08.16"]
[Round "5.30"]
[White "Samoun, Florent"]
[Black "Galby, Vassili"]
[Result "1/2-1/2"]
[WhiteElo "2006"]
[BlackElo "2086"]
[PlyCount "93"]

1. e4 c5 2. Nc3 Nc6 3. g3 g6 4. Bg2 Bg7 5. d3 d6 6. Be3 e5 7. Nge2 Nge7 8. O-O
O-O 9. Rb1 Nd4 10. b4 cxb4 11. Rxb4 Nxe2+ 12. Nxe2 d5 13. d4 dxe4 14. dxe5 Nd5
15. Rxe4 Bf5 16. Bc5 Bxe4 17. Bxe4 Nb6 18. Bxf8 Qxf8 19. e6 fxe6 20. Bxb7 Rd8
21. Qe1 Qf7 22. Bg2 e5 23. Qa5 Kh8 24. Nc3 Rd4 25. Qb5 Qc4 26. Qe8+ Qg8 27. Qe7
Rd7 28. Qc5 Qf8 29. Qxf8+ Bxf8 30. Rd1 Rc7 31. Rd3 Bb4 32. Rd8+ Kg7 33. Nd5
Nxd5 34. Bxd5 Rxc2 35. Rd7+ Kh6 36. Bb3 Rd2 37. Rc7 Kg5 38. Kg2 h5 39. Bg8 a5
40. h4+ Kf5 41. Rf7+ Ke6 42. Kh3 e4 43. Ra7+ Ke5 44. a3 Bc3 45. Re7+ Kf5 46.
Rf7+ Ke5 47. Re7+ 1/2-1/2

[Event "Championnat de France - Open A"]
[Site "Pau"]
[Date "2008.08.16"]
[Round "5.31"]
[White "Brunier, Jules"]
[Black "Quenehen, Marc"]
[Result "0-1"]
[WhiteElo "1937"]
[BlackElo "2084"]
[PlyCount "74"]

1. e4 c5 2. c3 d5 3. exd5 Qxd5 4. d4 Nf6 5. Nf3 Bg4 6. dxc5 Qxc5 7. Be3 Qc7 8.
Na3 a6 9. Be2 e6 10. Nc2 Nbd7 11. O-O Ne5 12. Nfd4 Bxe2 13. Qxe2 Bd6 14. h3 O-O
15. Rfd1 Nd5 16. Nf3 Ng6 17. Ncd4 Qe7 18. Qd3 Rad8 19. g3 Qc7 20. Kg2 Nxe3+ 21.
Qxe3 Ne5 22. Nxe5 Bxe5 23. Nf3 Bf6 24. Qe2 Qa5 25. Qe4 b5 26. Rxd8 Rxd8 27. a4
h6 28. Ne5 Qb6 29. Nc6 Rd2 30. Qf3 Rxb2 31. a5 Qc5 32. Nb8 Qxc3 33. Qa8 Rxf2+
34. Kxf2 Bd4+ 35. Kg2 Qb2+ 36. Kf3 Qf2+ 37. Kg4 Qf5+ 0-1

[Event "Championnat de France - Open A"]
[Site "Pau"]
[Date "2008.08.16"]
[Round "5.32"]
[White "Laurent, Maxime"]
[Black "Redon, Bruno"]
[Result "0-1"]
[WhiteElo "2033"]
[BlackElo "2164"]
[PlyCount "70"]

1. Nf3 Nf6 2. g3 g6 3. Bg2 Bg7 4. O-O O-O 5. c4 d6 6. Nc3 Nbd7 7. d3 e5 8. Rb1
a5 9. a3 Nh5 10. b4 f5 11. Qb3 Kh8 12. Ng5 axb4 13. axb4 Ndf6 14. c5 Qe7 15.
cxd6 cxd6 16. b5 h6 17. Nf3 e4 18. Nh4 Kh7 19. dxe4 Nxe4 20. Nxe4 fxe4 21. Qb4
Re8 22. Bh1 d5 23. Be3 Qxb4 24. Rxb4 Bc3 25. Rb3 d4 26. Rd1 Ra4 27. Rc1 Nf6 28.
Bxd4 Bxd4 29. Rc7+ Kg8 30. Nxg6 Ra1+ 31. Kg2 Nd5 32. Rc2 Be6 33. e3 Kh7 34.
exd4 Kxg6 35. Rbb2 Bg4 0-1

[Event "Championnat de France - Open A"]
[Site "Pau"]
[Date "2008.08.16"]
[Round "5.33"]
[White "Lograda, Alexis"]
[Black "Prodhomme, Boris"]
[Result "1/2-1/2"]
[WhiteElo "2033"]
[BlackElo "2151"]
[PlyCount "48"]

1. e4 c5 2. Nf3 d6 3. d4 cxd4 4. Nxd4 Nf6 5. Nc3 a6 6. Bg5 e6 7. f4 Nbd7 8. Qf3
Qc7 9. O-O-O b5 10. e5 Bb7 11. Qh3 dxe5 12. Nxe6 fxe6 13. Qxe6+ Be7 14. Bxb5
axb5 15. Nxb5 Qc6 16. Nd6+ Kd8 17. fxe5 Kc7 18. Qxe7 Rxa2 19. Bxf6 Ra1+ 20. Kd2
Qd5+ 21. Ke2 Qxg2+ 22. Ke3 Qf3+ 23. Kd2 Qd5+ 24. Ke2 Qf3+ 1/2-1/2

[Event "Championnat de France - Open A"]
[Site "Pau"]
[Date "2008.08.16"]
[Round "5.34"]
[White "Fevre, Mathieu"]
[Black "Kieffer, Christian"]
[Result "1-0"]
[WhiteElo "2032"]
[BlackElo "2148"]
[PlyCount "129"]

1. Nf3 g6 2. e4 c6 3. d4 d5 4. Nc3 Bg7 5. Be3 dxe4 6. Nxe4 Bf5 7. Ng3 Bg4 8.
Be2 Nf6 9. Qd2 h5 10. h3 h4 11. Ne5 Be6 12. Nf1 Nbd7 13. f4 Qc7 14. c4 Rd8 15.
Bd3 Bf5 16. Rd1 e6 17. Qc2 Bxd3 18. Qxd3 Nh5 19. Qc2 Qa5+ 20. Kf2 O-O 21. a3
Nxe5 22. dxe5 Bh6 23. Rxd8 Rxd8 24. Qc1 Ng7 25. Nh2 Nf5 26. Ng4 Nxe3 27. Kxe3
Qc5+ 28. Ke2 Bf8 29. b4 Qd4 30. Rd1 Qe4+ 31. Kf2 Rxd1 32. Qxd1 Qxf4+ 33. Kg1
Bg7 34. Qd8+ Kh7 35. Qxh4+ Bh6 36. Qe7 Bg5 37. Qxb7 Kg7 38. Qxc6 Qc1+ 39. Kh2
Bf4+ 40. g3 Qb2+ 41. Qg2 Bxe5 42. Qxb2 Bxb2 43. a4 f5 44. Ne3 Kf7 45. Kg2 Ke7
46. a5 Bc3 47. Nc2 Kd6 48. Kf3 e5 49. a6 e4+ 50. Ke3 Kc6 51. Nd4+ Kb6 52. b5
Bb2 53. Nb3 Be5 54. g4 Bh2 55. gxf5 gxf5 56. h4 Be5 57. h5 Bg7 58. Nd4 Bh6+ 59.
Ke2 f4 60. Nf5 f3+ 61. Kf2 Bf4 62. h6 Kc5 63. h7 Be5 64. Ke3 Kxc4 65. b6 1-0

[Event "Championnat de France - Open A"]
[Site "Pau"]
[Date "2008.08.16"]
[Round "5.35"]
[White "Milesi, Laurent"]
[Black "Venner, Laurent"]
[Result "0-1"]
[WhiteElo "2145"]
[BlackElo "2029"]
[PlyCount "36"]

1. e4 d5 2. exd5 Qxd5 3. Nc3 Qa5 4. d4 Nf6 5. Bc4 Bg4 6. Nge2 e6 7. O-O Be7 8.
f3 Bf5 9. Ng3 Bg6 10. Kh1 Nc6 11. Bb5 O-O 12. Be3 Nb4 13. Nge4 Nxe4 14. fxe4
Bxe4 15. Nxe4 Qxb5 16. b3 Qc6 17. Nc5 b6 18. Nd3 Qxc2 0-1

[Event "Championnat de France - Open A"]
[Site "Pau"]
[Date "2008.08.16"]
[Round "5.36"]
[White "Moucheroud, Jeremy"]
[Black "Nguyen-Huu, Hoang"]
[Result "1-0"]
[WhiteElo "2012"]
[BlackElo "2129"]
[PlyCount "53"]

1. e4 c6 2. d4 Qc7 3. f4 d6 4. Nf3 Nd7 5. Bc4 d5 6. exd5 Nb6 7. Bb3 Nxd5 8. O-O
Bg4 9. h3 Bxf3 10. Qxf3 Ngf6 11. c4 Nb6 12. Nc3 g6 13. f5 Bg7 14. fxg6 hxg6 15.
c5 Nbd7 16. Ne4 Nf8 17. Ng5 e6 18. Bf4 Qd7 19. Be5 Nh5 20. Nxf7 Rg8 21. Nd6+
Kd8 22. Qc3 Bxe5 23. dxe5 Qc7 24. Qd2 Qh7 25. Rf7 Qh8 26. Qa5+ b6 27. cxb6 1-0

[Event "Championnat de France - Open A"]
[Site "Pau"]
[Date "2008.08.16"]
[Round "5.37"]
[White "Bressac, Stephane"]
[Black "Blachon, Pascal"]
[Result "0-1"]
[WhiteElo "2028"]
[BlackElo "2118"]
[PlyCount "84"]

1. e4 e6 2. d4 d5 3. Nc3 Bb4 4. e5 Ne7 5. Bd2 Nf5 6. a3 Be7 7. Be3 c5 8. Nf3
cxd4 9. Bxd4 Nc6 10. Bb5 O-O 11. Bxc6 bxc6 12. Na4 Qa5+ 13. c3 Nxd4 14. Nxd4
Qc7 15. O-O c5 16. Nf3 c4 17. b4 cxb3 18. Qxb3 Ba6 19. Rfc1 Rab8 20. Qc2 Rb7
21. Nb2 Rfb8 22. Nd3 Bc4 23. Qd2 a5 24. Nf4 Rb2 25. Qe3 R8b6 26. Nd4 Qb7 27.
Qg3 Rb1 28. Nh5 Bf8 29. h4 Rxa1 30. Rxa1 Rb1+ 31. Rxb1 Qxb1+ 32. Kh2 Qg6 33.
Qf3 Bxa3 34. Nf4 Qe4 35. Qg4 Qxe5 36. g3 Bf8 37. Qd1 Qe4 38. Nc6 e5 39. Ng2 Be2
40. Qb3 d4 41. Nxa5 Bf1 42. Qb7 Bxg2 0-1

[Event "Championnat de France - Open A"]
[Site "Pau"]
[Date "2008.08.16"]
[Round "5.38"]
[White "Ralle, Pierre"]
[Black "Menneveux, Jerome"]
[Result "1-0"]
[WhiteElo "2113"]
[BlackElo "2027"]
[PlyCount "71"]

1. Nf3 f5 2. b3 Nf6 3. Bb2 e6 4. c4 b6 5. e3 Bb7 6. Be2 Be7 7. d3 O-O 8. Nbd2
Qe8 9. Qc2 Nc6 10. O-O h6 11. a3 g5 12. Rfe1 g4 13. Ne5 Nxe5 14. Bxe5 d6 15.
Bb2 Qg6 16. Bxf6 Rxf6 17. d4 Raf8 18. b4 Qg7 19. f4 gxf3 20. Bxf3 Bxf3 21. Nxf3
Rg6 22. Re2 h5 23. Rf1 h4 24. h3 Rg3 25. Kh1 Qh6 26. Qa4 e5 27. dxe5 dxe5 28.
Qd7 Bd6 29. c5 bxc5 30. bxc5 Bxc5 31. Qd5+ Rf7 32. Qxc5 f4 33. Nxe5 f3 34. Rxf3
Rgxf3 35. Nxf3 Qf6 36. Qc4 1-0

[Event "Championnat de France - Open A"]
[Site "Pau"]
[Date "2008.08.16"]
[Round "5.39"]
[White "Rodon, Gurvan"]
[Black "Lemoine, Benoit"]
[Result "1/2-1/2"]
[WhiteElo "1989"]
[BlackElo "2092"]
[PlyCount "83"]

1. d4 Nf6 2. c4 g6 3. Nc3 d5 4. Nf3 Bg7 5. Bg5 c5 6. dxc5 Qa5 7. cxd5 Ne4 8.
Bd2 Bxc3 9. Bxc3 Nxc3 10. Qd2 Qxc5 11. Qxc3 Qxc3+ 12. bxc3 Bf5 13. Nd4 Bc8 14.
e4 Nd7 15. Kd2 Nc5 16. Ke3 b6 17. Bb5+ Bd7 18. Bxd7+ Kxd7 19. Rhc1 Rhc8 20. Rc2
Nb7 21. c4 Rc7 22. Rac1 Nc5 23. f4 Kc8 24. e5 Kb7 25. g4 Ka6 26. Rf1 Rac8 27.
Nb5 Rd7 28. f5 Nb7 29. Nd4 Rc5 30. Nb3 Rc8 31. Rfc1 Rg8 32. e6 fxe6 33. fxe6
Rdd8 34. Rf2 Nd6 35. Kd4 Rgf8 36. Rcf1 Rxf2 37. Rxf2 Rc8 38. Nd2 Ka5 39. Rf3
Ka6 40. Ra3+ Kb7 41. Rf3 h5 42. h3 1/2-1/2

[Event "Championnat de France - Open A"]
[Site "Pau"]
[Date "2008.08.16"]
[Round "5.40"]
[White "Csomos, Romain"]
[Black "Cramer, Stephen"]
[Result "1/2-1/2"]
[WhiteElo "2011"]
[BlackElo "2090"]
[PlyCount "51"]

1. d4 d5 2. c4 e6 3. cxd5 exd5 4. Bf4 Nf6 5. e3 Nbd7 6. Nc3 c6 7. Rc1 Be7 8. h3
Nf8 9. Nf3 Ng6 10. Bh2 O-O 11. Bd3 Re8 12. O-O Bd6 13. Bxd6 Qxd6 14. Kh1 Bd7
15. a3 b6 16. Ne2 Ne4 17. Bxe4 Rxe4 18. Ng3 Ree8 19. Qd3 Qe7 20. Qc2 Qf6 21.
Nh2 Qh4 22. Nf3 Qf6 23. Nh2 Qd6 24. Nf3 Qf6 25. Kh2 Qd6 26. Kh1 1/2-1/2

[Event "Championnat de France - Open A"]
[Site "Pau"]
[Date "2008.08.16"]
[Round "5.41"]
[White "Forgues, Valerie"]
[Black "Normand, Vincent"]
[Result "0-1"]
[WhiteElo "1999"]
[BlackElo "2090"]
[PlyCount "120"]

1. e4 d6 2. d4 Nf6 3. Nc3 c6 4. a4 Qa5 5. Bd2 Qb6 6. Nf3 Bg4 7. a5 Qc7 8. Be2
e5 9. dxe5 dxe5 10. h3 Bxf3 11. Bxf3 Nbd7 12. O-O Be7 13. Re1 O-O 14. Na4 Rfd8
15. Qe2 Nf8 16. b3 Ne6 17. Bc3 Nd4 18. Bxd4 Rxd4 19. c3 Rd7 20. b4 Rad8 21.
Rad1 g6 22. Nb2 Ne8 23. Nc4 b5 24. axb6 axb6 25. Bg4 Rxd1 26. Rxd1 h5 27. Bf3
b5 28. Na5 Rxd1+ 29. Qxd1 c5 30. Qd2 Nf6 31. Nb3 cxb4 32. cxb4 Qc4 33. Nc5 Bxc5
34. bxc5 Qxc5 35. Qb2 Ne8 36. Bd1 Nd6 37. Bc2 Nc4 38. Qb3 Qa3 39. Qxa3 Nxa3 40.
Bb3 Nc4 41. f3 Kf8 42. Kf2 Ke7 43. Ke2 Kd6 44. Kd3 Kc5 45. h4 f6 46. Kc3 g5 47.
g3 gxh4 48. gxh4 Ne3 49. Bf7 Ng2 50. Bxh5 Nxh4 51. Bg4 Ng2 52. Be6 b4+ 53. Kb3
Ne3 54. Bf7 Nd1 55. Kc2 Nc3 56. Kb3 Nb5 57. Bh5 Nd4+ 58. Kb2 Kd6 59. Bg4 Ke7
60. Kb1 Kf8 0-1

[Event "Championnat de France - Open A"]
[Site "Pau"]
[Date "2008.08.16"]
[Round "5.43"]
[White "Donskoi, Karel"]
[Black "Ruch, Bernard"]
[Result "1/2-1/2"]
[WhiteElo "2084"]
[BlackElo "2022"]
[PlyCount "72"]

1. e4 e6 2. d4 d5 3. e5 c5 4. c3 Qb6 5. Nf3 Bd7 6. Be2 Nc6 7. b3 cxd4 8. cxd4
Bb4+ 9. Kf1 Nh6 10. Be3 Nf5 11. a3 Be7 12. b4 O-O 13. g4 Nxe3+ 14. fxe3 f6 15.
exf6 Bxf6 16. Kg2 Ne7 17. Bd3 g6 18. Nbd2 Bc6 19. b5 Bd7 20. h4 Bg7 21. Qe2 Qd6
22. h5 e5 23. dxe5 Bxe5 24. Nxe5 Qxe5 25. hxg6 hxg6 26. Nf3 Qg7 27. Nd4 Rf6 28.
Raf1 Raf8 29. Rxf6 Qxf6 30. Rh3 Qg5 31. Rg3 Rf7 32. Nf3 Qf6 33. a4 a6 34. bxa6
bxa6 35. a5 Nc6 36. g5 Qe7 {suite illisible} 1/2-1/2

[Event "Championnat de France - Open A"]
[Site "Pau"]
[Date "2008.08.16"]
[Round "5.44"]
[White "Medeuf, Yonhel"]
[Black "Castro, John"]
[Result "1/2-1/2"]
[WhiteElo "2080"]
[BlackElo "2014"]
[PlyCount "83"]

1. e4 c5 2. d4 cxd4 3. c3 d3 4. Bxd3 Nc6 5. c4 g6 6. Nf3 Bg7 7. O-O d6 8. h3
Nf6 9. Nc3 O-O 10. Be3 Nd7 11. Be2 Nc5 12. Nd4 Bd7 13. Qd2 a6 14. Rab1 f5 15.
Nxc6 Bxc6 16. exf5 gxf5 17. Bh6 Bxh6 18. Qxh6 Rf6 19. Qh5 Qf8 20. Bf3 Ne4 21.
Bxe4 fxe4 22. Nd5 Rg6 23. Rbe1 Qf7 24. Kh1 e6 25. Nb4 Qf5 26. Qxf5 exf5 27.
Nxc6 bxc6 28. Rd1 Rd8 29. Rd4 d5 30. Rfd1 Rgd6 31. f3 Kf7 32. g4 Kf6 33. Kg2
fxg4 34. hxg4 exf3+ 35. Kxf3 Kg5 36. Kg3 Kf6 37. Kf4 h6 38. b3 Ke6 39. Re1+ Kf6
40. Red1 Ke6 41. Re1+ Kf6 42. Red1 1/2-1/2

[Event "Championnat de France - Open A"]
[Site "Pau"]
[Date "2008.08.16"]
[Round "5.45"]
[White "Forestier, Carole"]
[Black "Lamard, Guillaume"]
[Result "1/2-1/2"]
[WhiteElo "2067"]
[BlackElo "2001"]
[PlyCount "71"]

1. Nf3 Nf6 2. g3 e6 3. Bg2 Be7 4. O-O O-O 5. d3 d5 6. c3 Nbd7 7. Bf4 Re8 8.
Nbd2 Nh5 9. Qc2 Nxf4 10. gxf4 Bd6 11. e3 Nf8 12. c4 c6 13. Rab1 Ng6 14. d4 f6
15. Rfd1 Ne7 16. Nf1 Nf5 17. Ng3 Nxg3 18. hxg3 Qe7 19. Ne1 b6 20. f5 Bb7 21.
fxe6 Qxe6 22. cxd5 cxd5 23. Qb3 g5 24. Nd3 h5 25. Nb4 Bxb4 26. Qxb4 Kg7 27.
Rbc1 Rac8 28. Kh2 f5 29. Qd2 Qd6 30. e4 fxe4 31. Rxc8 Rxc8 32. Qxg5+ Qg6 33.
Qe7+ Qf7 34. Qg5+ Qg6 35. Qe7+ Qf7 36. Qg5+ 1/2-1/2

[Event "Championnat de France - Open A"]
[Site "Pau"]
[Date "2008.08.16"]
[Round "5.46"]
[White "Marchadour, Claire"]
[Black "Billon, Olivier"]
[Result "1-0"]
[WhiteElo "2060"]
[BlackElo "1999"]
[PlyCount "63"]

1. e4 c5 2. Nf3 Nc6 3. d4 cxd4 4. Nxd4 Nf6 5. Nc3 e5 6. Ndb5 d6 7. Bg5 a6 8.
Na3 b5 9. Bxf6 gxf6 10. Nd5 Bg7 11. c3 f5 12. Bd3 Be6 13. Nxb5 Bxd5 14. exd5
Ne7 15. Na3 O-O 16. O-O e4 17. Bc2 Ng6 18. Qh5 Qf6 19. f4 Ne7 20. Bb3 Bh6 21.
Nc2 Kh8 22. Qd1 Qh4 23. Qd4+ f6 24. Qf2 Qh5 25. Ne3 Rg8 26. Bd1 Qf7 27. b4 Qg6
28. Bb3 a5 29. b5 a4 30. Bc4 Rac8 31. Qe2 Rc5 32. Rab1 1-0

[Event "Championnat de France - Open A"]
[Site "Pau"]
[Date "2008.08.16"]
[Round "5.47"]
[White "Bourdeaud'Huy, Thomas"]
[Black "Ane, Regis"]
[Result "1/2-1/2"]
[WhiteElo "2052"]
[BlackElo "1993"]
[PlyCount "69"]

1. e4 c5 2. Nc3 e6 3. f4 a6 4. Nf3 Nc6 5. g3 d5 6. d3 Nf6 7. e5 Nd7 8. Bg2 Be7
9. O-O b5 10. Qe2 b4 11. Nd1 a5 12. Ne3 Nd4 13. Nxd4 cxd4 14. Nxd5 exd5 15.
Bxd5 Ra6 16. Bc4 Rb6 17. f5 O-O 18. f6 Nxf6 19. exf6 Bxf6 20. Qh5 Rc6 21. Bf4
Be6 22. b3 Qb6 23. Rae1 g6 24. Qd1 Be7 25. Qd2 h5 26. Bg5 Bxc4 27. bxc4 Re6 28.
Qf2 Rxe1 29. Rxe1 Qc6 30. a3 bxa3 31. Bxe7 Re8 32. Bxa3 Rxe1+ 33. Qxe1 Qa4 34.
Qc1 Kh7 35. Bd6 {suite illisible} 1/2-1/2

[Event "Championnat de France - Open A"]
[Site "Pau"]
[Date "2008.08.16"]
[Round "5.48"]
[White "Lahilhanne, Philippe"]
[Black "Charpentier, Denis"]
[Result "1-0"]
[WhiteElo "2051"]
[BlackElo "1974"]
[PlyCount "83"]

1. c4 f5 2. Nc3 Nf6 3. g3 e6 4. Bg2 Be7 5. d3 O-O 6. e4 fxe4 7. dxe4 d6 8. Nh3
c6 9. O-O e5 10. b3 Na6 11. Qe2 Nc5 12. f3 Ne6 13. Be3 Nd4 14. Qd2 c5 15. Kh1
a6 16. Nf2 Qe8 17. f4 Qh5 18. Qd1 Qxd1 19. Raxd1 Be6 20. Nd3 Ng4 21. Bg1 b5 22.
h3 b4 23. Nd5 Bxd5 24. exd5 e4 25. Bxe4 Nf6 26. Bf3 Nxf3 27. Rxf3 Nd7 28. Re3
Rae8 29. Rde1 Kf7 30. Re6 Rg8 31. Kg2 Nf8 32. R6e2 Nd7 33. Bf2 Bf6 34. Re6 Bc3
35. Rxd6 Bxe1 36. Rxd7+ Re7 37. Rxe7+ Kxe7 38. Bxc5+ Kd7 39. Nxe1 a5 40. Nd3
Ra8 41. Kf3 g6 42. Ke4 1-0

[Event "Championnat de France - Open A"]
[Site "Pau"]
[Date "2008.08.16"]
[Round "5.49"]
[White "Martinet, Regis"]
[Black "Cheron, Stephane"]
[Result "1-0"]
[WhiteElo "2049"]
[BlackElo "1990"]
[PlyCount "60"]

1. c4 Nf6 2. Nc3 d6 3. d4 g6 4. e4 Bg7 5. f4 O-O 6. Nf3 c5 7. d5 b5 8. cxb5 Re8
9. Bc4 e6 10. O-O a6 11. dxe6 Bxe6 12. Bxe6 fxe6 13. e5 dxe5 14. Nxe5 Nd5 15.
Qf3 Bxe5 16. fxe5 Rf8 17. Qxf8+ Qxf8 18. Rxf8+ Kxf8 19. Bh6+ Ke7 20. Bg5+ Kd7
21. Ne4 axb5 22. Nxc5+ Ke8 23. Nxe6 Nd7 24. Rf1 Nxe5 25. Rf8+ Kd7 26. Rxa8 Kxe6
27. Ra5 b4 28. b3 Nc6 29. Ra6 Kd7 30. Bd2 Kc8 {suite illisible} 1-0